skbl

Dr Suryya Kumar Bhuyan Library Web-OPAC
ডঃ সূৰ্য্য
কুমাৰ ভূঞা পুথিভঁৰাল ৱেব-অ'পেক

All Research Scholars are advised to clear the annual library fees to continue using Library Resources, Remote Access, Plagiarism Test and Library Clearance.

Cotton University Book Fair 2026

Bhasar Itibrtta (Record no. 58512)

MARC details
000 -LEADER
fixed length control field 00588nam a2200217Ia 4500
001 - CONTROL NUMBER
control field 58622
008 - FIXED-LENGTH DATA ELEMENTS--GENERAL INFORMATION
fixed length control field 150526n ii |||gr||||Z||||||asm
020 ## - INTERNATIONAL STANDARD BOOK NUMBER
International Standard Book Number 81-7339-338-9
082 ## - DEWEY DECIMAL CLASSIFICATION NUMBER
Classification number 891.414
245 #0 - TITLE STATEMENT
Title Bhasar Itibrtta
Statement of responsibility, etc. Bhimkanta Baruah
Medium Textual Documents
250 ## - EDITION STATEMENT
Edition statement 3rd rev edn.
260 ## - PUBLICATION, DISTRIBUTION, ETC.
Place of publication, distribution, etc. Assam
Name of publisher, distributor, etc. Banalata
Date of publication, distribution, etc. 20-11
300 ## - PHYSICAL DESCRIPTION
Extent 165pg:
Other physical details ill,;
Dimensions 23cm.
653 ## - INDEX TERM--UNCONTROLLED
Uncontrolled term Assamese
653 ## - INDEX TERM--UNCONTROLLED
Uncontrolled term Assamese Literature
653 ## - INDEX TERM--UNCONTROLLED
Uncontrolled term Different aspect of language &Languestics
653 ## - INDEX TERM--UNCONTROLLED
Uncontrolled term Deptt-Assamese
653 ## - INDEX TERM--UNCONTROLLED
Uncontrolled term MS-Assamese
700 ## - ADDED ENTRY--PERSONAL NAME
Personal name Baruah,Bhimkanta.
942 ## - ADDED ENTRY ELEMENTS (KOHA)
Source of classification or shelving scheme Dewey Decimal Classification
Koha item type Books
Holdings
Withdrawn status Lost status Damaged status Not for loan Collection Home library Current library Shelving location Date acquired Coded location qualifier Cost, normal purchase price Total checkouts Full call number Barcode Date last seen Copy number Price effective from Koha item type
          Dr. Suryya Kumar Bhuyan Library Dr. Suryya Kumar Bhuyan Library   26/05/2015 00000 120.00   891.414 Ba 288 Bh 6199/as 14/01/2024 2 26/05/2015 Books
          Dr. Suryya Kumar Bhuyan Library Dr. Suryya Kumar Bhuyan Library   26/05/2015 00000 120.00   891.414 Ba 288 Bh 6198/as 14/01/2024 1 26/05/2015 Books

Designed and Maintained by Team SKBL
©1901-2026

Powered by Koha